1280 1840 1409 1946 1998 1199 1323 1001 1818 1728 1233 1255 1229 1227 1322 1898 1794 1866 1890 1638 1670 1693 1152 1181 1325 1450 1041 1007 1126 1077 1589 1051 1713 1585 1729 1490 1061 1392 1876 1183 1483 1760 1338 1795 1001 1913 1847 1974 1881 1162 1782 1008 1835 1056 1974 1912 1873 1982 1438 1675 1648 1030 1552 1054 1563 1042 1870 1187 1451 1415 1484 1882 1998 1566 1640 1876 1830 1784 1911 1815 1055 1818 1909 1630 1249 1785 1371 1089 1531 1805 1897 1459 1587 1107 1080 1971 1779 1061 1793 BCNSPRNW ULIB Ver.6.0+V

เปลี่ยนเป็นภาษาไทย

Change to English
 แสดงรายละเอียดบรรณานุกรม
  กลับหน้าหลัก

Brief Record : Get Marc (ISO 2709) : E-mail record : QR code < ปิดหน้าต่าง
LEADER : 00000nam 2200000uu 4500
001    13399110573
003     ULIB
008    110603s2552||||th 000 0 tha d
020    9789744140920
041 1  tha^heng
050  4 JK421^bก945ก 2552
100 1  โกลด์สมิธ, สตีเฟน
245 10 การบริหารงานภาครัฐแบบเครือข่าย : มิติใหม่ของภาครัฐ =^bGoverning by network /^cผู้เขียน Stephen Goldsmith & William D. Eggers ; แปลและเรียบเรียงโดย จักร ติงศภัทิย์, กฤษฎา ปราโมทย์ธนา
246 31 Governing by network
250    พิมพ์ครั้งที่ 2
260    กรุงเทพฯ :^bเอ็กซเปอร์เน็ท,^c2552
300    363 หน้า :^bภาพประกอบ ;^c21 ซม.
500    แปลจาก Governing by network : the new shape of thepublic sector/ Stephen Goldsmith, William D. Eggers, c2004."
650  7 ความร่วมมือระหว่างภาครัฐบาลและเอกชน^zสหรัฐอเมริกา
650  7 การบริหารรัฐกิจ^zสหรัฐอเมริกา
650  7 การว่าจ้างให้ผู้อื่นทำงานแทน^zสหรัฐอเมริกา
700 1  เอกเกอร์ส, วิลเลียม ดี.
700 0  จักร ติงศภัทิย์,^eผู้แปล
700 0  กฤษฎา ปราโมทย์ธนา,^eผู้แปล
700 12 Goldsmith, Stephen.^tGoverning by network :^bthe new shapeof the public sector
945    ^p295^l0^i18215
995    เกษร
999    ^aใช้งานได้ทุกระบบ
รายการนี้ยังไม่มีแท็ก
คุณยังไม่ได้ล็อกอิน คุณสามารถมีกิจกรรมร่วมกับเว็บไซต์ได้ แต่ต้องล็อกอินก่อน ::
  ล็อกอิน

รายการสื่อสารสนเทศ

ลำดับที่ ประเภท เลขเรียก/บาร์โค้ด สถานที่ สถานะ
- ไม่พบข้อมูล -

รายการใกล้เคียง
    ผู้แต่ง [โกลด์สมิธ, สตีเฟน]

BibComment


ยังไม่เคยถูกคอมเมนท์

คอมเมนท์ทรัพยากรรายการนี้
  คอมเมนท์: การบริหารงานภาครั..


 Copyright 2026. Bcnsprnw @Library